LDR 01250naa#a2200193#i#450# 001 RU\RIOR\bibl\117090 005 20260706020347.1 011 ## _a2308-0191 100 ## _a20260629b2026####ek#y0rusy0150####ca 102 ## _aRU 200 1# _aАлгоритмы автоматизированной проверки соответствия BIM-моделей нормативным требованиям: вычислительная сложность, экономическая эффективность разработки и снижение рисков проектирования _eЖурнальная статья 210 1# _aМосква _cООО "Издательский Центр РИОР" _d2026 215 ## _a0 с. 608 ## _aЖурнальная статья _2local 675 ## _aЭкономика строительства. 69.003 _aИсследование поведения объекта на основе его математической модели. 004.942 _aРеконструкция. 69.059.7 _z 686 ## _aОбщие вопросы строительства. 67.01 _2grnti 700 #1 _aБороздина _gСветлана Михайловна 700 #1 _aЕдленко _gВалентина Петровна 856 4# _azh-szf.ru _u